EPBD impact (Record no. 78430)
[ view plain ]
| 000 -LEADER | |
|---|---|
| fixed length control field | 00803cab a2200193 4500 |
| 001 - CONTROL NUMBER | |
| control field | L136752 |
| 008 - FIXED-LENGTH DATA ELEMENTS--GENERAL INFORMATION | |
| fixed length control field | 070221n 000 0 eng u |
| 035 ## - SYSTEM CONTROL NUMBER | |
| System control number | (Sirsi) u136752 |
| 041 0# - LANGUAGE CODE | |
| Language code of text/sound track or separate title | eng |
| 100 1# - MAIN ENTRY--PERSONAL NAME | |
| Personal name | Bowman, Stuart |
| 245 00 - TITLE STATEMENT | |
| Title | EPBD impact |
| 490 00 - SERIES STATEMENT | |
| Series statement | Premises and Facilities Management |
| Volume/sequential designation | February 2007, 33-34(2) |
| 520 ## - SUMMARY, ETC. | |
| Summary, etc. | Looks at the requirements of the energy performance directive for buildings (Directive 2002/91/EC)and explains how developing ways in which to improve energy efficiency beyond good practice and towards best practice now will make facing new challenges easier in the future. |
| 590 ## - LOCAL NOTE (RLIN) | |
| Local note | KA |
| 650 24 - SUBJECT ADDED ENTRY--TOPICAL TERM | |
| Topical term or geographic name entry element | DIRECTIVE 2002/91/EC |
| 651 #4 - SUBJECT ADDED ENTRY--GEOGRAPHIC NAME | |
| Geographic name | England and Wales |
| Chronological subdivision | 1543- |
| 690 ## - LOCAL SUBJECT ADDED ENTRY--TOPICAL TERM (OCLC, RLIN) | |
| Topical term or geographic name as entry element | ENVIRONMENTAL AND LAND CONSULTANCY-ENERGY-ENERGY USE-ENERGY EFFICIENCY |
| 942 ## - ADDED ENTRY ELEMENTS (KOHA) | |
| Suppress in OPAC | 0 |
| Withdrawn status | Lost status | Source of classification or shelving scheme | Damaged status | Not for loan | Home library | Current library | Shelving location | Date acquired | Total Checkouts | Full call number | Barcode | Date last seen | Copy number | Price effective from | Koha item type |
|---|---|---|---|---|---|---|---|---|---|---|---|---|---|---|---|
| Dewey Decimal Classification | London | London | Journal article | 21/02/2007 | L136752 | 136752-1001 | 06/08/2019 | 1 | 06/08/2019 | Journal article |